Statistiques concernant Stranger Things FR

Cliquez ici pour prendre le quiz!

Statistiques générales

  • Ce quiz a été pris 4 781 fois
    (3 278 depuis la dernière actualisation)
  • Le résultat moyen est 17 sur 22

Statistiques - réponses

Hintanswer% Correct
A un faible pour elevenMike
98%
Disparait au début de la 1ere saisonWill
97%
A des pouvoirs télékinésiques11
95%
Frère de MaxBilly
94%
Adopte un bébé demochien en saison 2Dustin
94%
Doué au lance pierreLucas
94%
Nouvelle arrivée en ville en saison 2Max
94%
Ex petit ami de NancySteve
93%
Le sheriff d'HawkinsHopper
91%
La mère de l'enfant disparuJoyce
90%
Meilleure amie de Nancy, morte dans l'upside downBarbara
84%
Amateur de photographieJonathan
80%
Compagnon de joyce ; meurt à la fin de la saison 2Bob
78%
Monstre de l'upside downDemogorgon
75%
Petite soeur un brin insolente de LucasErica
72%
Collègue de Steve à Scoops Ahoy en saison 3Robin
72%
Le plus mignon des scientifiques russesAlexei
49%
Complotiste qui se méfie de tout, surtout des RussesMurray
49%
Docteur au labo de HawkinsBrenner
45%
Le seul demodog qui a un nomDart
45%
Mère de la famille Wheeler, elle a craqué sur BillyKaren
45%
Très gros monstre de l'upside downMind flyer
39%

Distribution des résultats

Percentile par nombre de réponses

% des personnes avec chaque résultat

Votre développement - résultats

Vous n’avez pas pris ce quiz depuis la dernière actualisation